Statistics for Největší země A-Z

Click here to take the quiz!

General Stats

  • This quiz has been taken 18 times
  • The average score is 20 of 27

Answer Stats

PísmenoRozlohaStát% Correct
Ř131 957Řecko
100%
R17 098 245Rusko
100%
B8 510 346Brazílie
94%
Č9 596 960Čína
94%
F643 801Francie
94%
Š506 009Španělsko
94%
S9 833 517Spojené státy
americké
94%
I3 287 263Indie
88%
Í1 648 195Írán
88%
K9 984 670Kanada
88%
A7 741 220Austrálie
82%
O309 980Omán
82%
U603 500Ukrajina
82%
Z752 612Zambie
82%
Á86 600Ázerbájdžán
76%
Ch756 102Chile
76%
E1 104 300Etiopie
76%
H112 492Honduras
71%
N1 267 000Niger
71%
V912 050Venezuela
71%
P1 285 216Peru
65%
J1 221 037Jihoafrická
republika
59%
M1 964 375Mexiko
59%
L1 676 198Libye
47%
D2 345 410Demokratická
republika Kongo
41%
T947 303Tanzanie
41%
G267 668Gabon
29%

Score Distribution

Percentile by Number Answered

Percent of People with Each Score

Your Score History

You have not taken this quiz